[Event "AUT-ch"]
[Site "Linz"]
[Date "2024.08.01"]
[Round "6"]
[White "Ehs, Dominik"]
[Black "Balint, Peter1"]
[Result "0-1"]
[WhiteElo "2099"]
[BlackElo "2317"]
[PlyCount "114"]
[EventDate "2024.07.27"]
[EventType "swiss"]
[EventRounds "9"]
[EventCountry "AUT"]
[SourceTitle "CBM 221 Extra"]
[Source "ChessBase"]
[SourceDate "2024.09.30"]
[SourceVersion "1"]
[SourceVersionDate "2024.09.30"]
[SourceQuality "1"]

1. e4 c5 2. Nf3 e6 3. d4 cxd4 4. Nxd4 a6 5. Nc3 b5 6. g3 Bb7 7. Bg2 Nf6 8. a3 Qc7 9. 0-0 d6 10. f4 Be7 11. Kh1 h5 12. Qe2 Nbd7 13. Bd2 Nb6 14. Rad1 Qc4 15. Bc1 Qxe2 16. Ndxe2 h4 17. Rd3 Nbd7 18. gxh4 Rxh4 19. Rg3 g6 20. f5 Nh5 21. Re3 Ne5 22. fxe6 fxe6 23. Nd4 Kd7 24. Bh3 Ng4 25. Bxg4 Rxg4 26. Rg1 Rxg1+ 27. Kxg1 Bf6 28. Nde2 Be5 29. Rh3 Nf6 30. Ng3 Rg8 31. Rh4 g5 32. Rh6 Bd4+ 33. Kf1 Bxc3 34. bxc3 Nxe4 35. Rh7+ Kc8 36. Nxe4 Bxe4 37. Re7 e5 38. Be3 g4 39. Bb6 Bxc2 40. Rc7+ Kb8 41. Rd7 Rg6 42. Ba5 Bf5 43. Rf7 Be4 44. Rd7 Bc6 45. Bc7+ Kb7 46. Rxd6 Rg5 47. Ba5 Rf5+ 48. Ke1 Rh5 49. Rg6 Bf3 50. Rb6+ Kc8 51. Re6 Kd7 52. Rxa6 Rxh2 53. Bb4 e4 54. Rd6+ Kc7 55. Rg6 Rb2 56. Bd6+ Kd7 57. Bf4 e3 0-1

[Event "AUT-ch"]
[Site "Linz"]
[Date "2024.07.31"]
[Round "5"]
[White "Ehs, Dominik"]
[Black "Groetz, Harald"]
[Result "1-0"]
[WhiteElo "2099"]
[BlackElo "2252"]
[PlyCount "51"]
[EventDate "2024.07.27"]
[EventType "swiss"]
[EventRounds "9"]
[EventCountry "AUT"]
[SourceTitle "CBM 221 Extra"]
[Source "ChessBase"]
[SourceDate "2024.09.30"]
[SourceVersion "1"]
[SourceVersionDate "2024.09.30"]
[SourceQuality "1"]

1. e4 c5 2. Nf3 e6 3. g3 Nc6 4. Bg2 Nf6 5. Qe2 d6 6. c3 Be7 7. 0-0 0-0 8. d4 cxd4 9. cxd4 d5 10. e5 Ne4 11. Nbd2 Nxd2 12. Bxd2 Qb6 13. Be3 Bd7 14. Rfd1 a5 15. Ng5 a4 16. Bf1 g6 17. Qg4 h5 18. Qe2 Kg7 19. g4 hxg4 20. Qxg4 Nb4 21. Bf4 Bb5 22. Bxb5 Qxb5 23. Qh4 Rh8 24. Nxe6+ Kg8 25. Qxe7 fxe6 26. Qxe6+ 1-0

[Event "AUT-ch"]
[Site "Linz"]
[Date "2024.07.29"]
[Round "3"]
[White "Sandhoefner, Florian"]
[Black "Ehs, Dominik"]
[Result "1-0"]
[WhiteElo "2282"]
[BlackElo "2099"]
[PlyCount "85"]
[EventDate "2024.07.27"]
[EventType "swiss"]
[EventRounds "9"]
[EventCountry "AUT"]
[SourceTitle "CBM 221 Extra"]
[Source "ChessBase"]
[SourceDate "2024.09.30"]
[SourceVersion "1"]
[SourceVersionDate "2024.09.30"]
[SourceQuality "1"]

1. e4 e6 2. d4 d5 3. Nd2 c5 4. exd5 Qxd5 5. Ngf3 cxd4 6. Bc4 Qd6 7. 0-0 Nf6 8. Nb3 Nc6 9. Nbxd4 Nxd4 10. Nxd4 Be7 11. c3 0-0 12. Re1 Qc7 13. Bd3 b6 14. Bg5 Bb7 15. Bh4 a6 16. Bg3 Qd7 17. Qe2 Qd5 18. Qf1 b5 19. a4 b4 20. Bc4 Qc5 21. Nb3 Qb6 22. a5 Qa7 23. Be5 Ng4 24. Bd4 Qb8 25. g3 bxc3 26. Bxc3 Bf6 27. Qe2 Bxc3 28. bxc3 Nf6 29. Nc5 Qc7 30. Nxb7 Qxb7 31. Reb1 Qc7 32. Bxa6 Qxc3 33. Qb5 Ng4 34. Bb7 Rad8 35. Ra2 Rd2 36. Rxd2 Qxd2 37. Qb6 Qh6 38. a6 Qxh2+ 39. Kf1 Qh3+ 40. Ke1 Ne5 41. a7 Nc4 42. Qc5 Qh6 43. Qxc4 1-0

[Event "AUT-ch"]
[Site "Linz"]
[Date "2024.07.27"]
[Round "1"]
[White "Peyrer, Konstantin"]
[Black "Ehs, Dominik"]
[Result "1-0"]
[WhiteElo "2425"]
[BlackElo "2099"]
[PlyCount "125"]
[EventDate "2024.07.27"]
[EventType "swiss"]
[EventRounds "9"]
[EventCountry "AUT"]
[SourceTitle "CBM 221 Extra"]
[Source "ChessBase"]
[SourceDate "2024.09.30"]
[SourceVersion "1"]
[SourceVersionDate "2024.09.30"]
[SourceQuality "1"]

1. Nf3 Nf6 2. c4 g6 3. Nc3 Bg7 4. e4 d6 5. d4 0-0 6. h3 e5 7. d5 a5 8. Be3 Na6 9. g4 Nd7 10. Nd2 Ndc5 11. a3 Bd7 12. Rg1 Kh8 13. g5 f5 14. h4 f4 15. Bxc5 Nxc5 16. h5 Rf7 17. Qf3 Bf8 18. Bh3 Bxh3 19. Qxh3 f3 20. hxg6 Nd3+ 21. Kf1 Nf4 22. Qxf3 hxg6 23. Ne2 Qd7 24. Nxf4 Rxf4 25. Qg3 Kg8 26. Ke2 b5 27. Rac1 b4 28. axb4 axb4 29. Ra1 Rxa1 30. Rxa1 Rg4 31. Qb3 Rxg5 32. Ra8 Rg4 33. Qa4 Qh7 34. Qxb4 Qh5 35. Kd3 Rf4 36. f3 Qh2 37. c5 Rf6 38. cxd6 cxd6 39. Qb6 Qg3 40. Kc2 Kg7 41. Ra7+ Rf7 42. b4 Rxa7 43. Qxa7+ Kg8 44. Qd7 Qf2 45. Qe8 Kg7 46. b5 Qc5+ 47. Kd3 Qf2 48. Qe6 Qc5 49. Qd7+ Kg8 50. Qe8 Kg7 51. Qc6 Qd4+ 52. Kc2 Kg8 53. b6 Bh6 54. Nc4 Qf2+ 55. Kb3 Qxf3+ 56. Ka4 Be3 57. Nxe3 Qxe3 58. b7 Qxe4+ 59. Ka5 Qe1+ 60. Kb6 Qf2+ 61. Kc7 Qf7+ 62. Qd7 Qxd5 63. b8R# 1-0

[Event "AUT-ch Zwisch Internet"]
[Site "Playchess.com INT"]
[Date "2020.05.02"]
[Round "8"]
[White "Diermair, Andreas"]
[Black "Ehs, Dominik"]
[Result "0-1"]
[WhiteElo "2465"]
[BlackElo "2070"]
[PlyCount "32"]
[EventDate "2020.05.02"]
[EventType "swiss (blitz)"]
[EventRounds "13"]
[EventCountry "AUT"]
[SourceTitle "CBM 195 Extra"]
[Source "ChessBase"]
[SourceDate "2020.05.31"]
[SourceVersion "1"]
[SourceVersionDate "2020.05.31"]
[SourceQuality "1"]

1. e4 c5 2. Nf3 e6 3. g3 d5 4. exd5 exd5 5. d4 Nf6 6. Bg2 Nc6 7. 0-0 Be7 8. dxc5 0-0 9. Nd4 Bxc5 10. Nxc6 bxc6 11. c4 Ba6 12. Nd2 dxc4 13. Bxc6 Rc8 14. Qa4 Qb6 15. Bf3 c3 16. Nc4 Bxc4 0-1

[Event "AUT-ch Zwisch Internet"]
[Site "Playchess.com INT"]
[Date "2020.05.02"]
[Round "13"]
[White "Ehs, Dominik"]
[Black "Poecksteiner, Johann"]
[Result "1/2-1/2"]
[WhiteElo "2070"]
[BlackElo "2155"]
[PlyCount "106"]
[EventDate "2020.05.02"]
[EventType "swiss (blitz)"]
[EventRounds "13"]
[EventCountry "AUT"]
[SourceTitle "CBM 195 Extra"]
[Source "ChessBase"]
[SourceDate "2020.05.31"]
[SourceVersion "1"]
[SourceVersionDate "2020.05.31"]
[SourceQuality "1"]

1. e4 d5 2. exd5 Qxd5 3. Nc3 Qa5 4. d4 Nf6 5. Nf3 Bg4 6. h3 Bh5 7. g4 Bg6 8. Bg2 e6 9. 0-0 Bd6 10. Qe2 c6 11. Ne5 Nbd7 12. f4 0-0-0 13. Bd2 Qc7 14. a4 Kb8 15. a5 Bxe5 16. dxe5 Nd5 17. Nxd5 cxd5 18. f5 Qxc2 19. fxg6 fxg6 20. Rfc1 Qxb2 21. Rab1 Qd4+ 22. Qe3 Qxe3+ 23. Bxe3 Rhf8 24. Bxd5 exd5 25. e6 Rde8 26. exd7 Rxe3 27. Rb5 Re7 28. Rxd5 Rd8 29. Rcd1 a6 30. Kf2 Ka7 31. Kf3 b6 32. axb6+ Kxb6 33. R5d3 Kc7 34. Rc1+ Kb7 35. Rb3+ Ka8 36. Rc6 Rexd7 37. Rxa6+ Ra7 38. Rxa7+ Kxa7 39. Re3 Rd7 40. Kf4 Kb7 41. Re6 Kc7 42. h4 Kd8 43. Re4 Re7 44. Rd4+ Ke8 45. Ra4 Kf7 46. g5 Rc7 47. Kg4 Ke6 48. Ra6+ Kf7 49. Ra4 h6 50. Rf4+ Kg8 51. Rd4 Rf7 52. Rb4 h5+ 53. Kg3 Kh7 1/2-1/2

[Event "AUT-ch Vor4 Internet"]
[Site "Playchess.com INT"]
[Date "2020.04.25"]
[Round "5"]
[White "Ehs, Dominik"]
[Black "Platzgummer, Fabian"]
[Result "0-1"]
[WhiteElo "2070"]
[BlackElo "2336"]
[PlyCount "118"]
[EventDate "2020.04.25"]
[EventType "swiss (blitz)"]
[EventRounds "9"]
[EventCountry "AUT"]
[SourceTitle "EXT 2021"]
[Source "ChessBase"]
[SourceDate "2020.10.23"]
[SourceVersion "1"]
[SourceVersionDate "2020.10.23"]
[SourceQuality "1"]

1. e4 c5 2. Nf3 d6 3. d4 c4 4. Bxc4 Nf6 5. Nc3 Qd7 6. Bb5 Nc6 7. d5 a6 8. dxc6 bxc6 9. Bd3 e5 10. 0-0 h6 11. Na4 Rb8 12. Be3 c5 13. c3 g5 14. b3 Ng4 15. Qe2 Qc6 16. Nd2 Be7 17. Nc4 Be6 18. Na5 Qc7 19. Nc4 h5 20. f3 Nxe3 21. Nxe3 h4 22. Bxa6 h3 23. g4 Kf8 24. Bc4 Kg7 25. Nf5+ Kf6 26. Nxe7 Kxe7 27. Bxe6 fxe6 28. Nb2 Rbf8 29. Nc4 Rf4 30. Rad1 Rd8 31. Rd2 Qa7 32. Rfd1 Ra8 33. Rxd6 Qxa2 34. Rd7+ Kf6 35. Qxa2 Rxa2 36. R7d2 Ra8 37. b4 cxb4 38. cxb4 Rxf3 39. b5 Rf4 40. Rf2 Ra4 41. Rxf4+ gxf4 42. Nd6 Rb4 43. Kf2 Rb2+ 44. Kf3 Kg5 45. Nf7+ Kf6 46. Nd6 Kg5 47. Rc1 Rb3+ 48. Kf2 Kxg4 49. Rc2 Rb1 50. Ke2 f3+ 51. Kf2 Kf4 52. Rd2 Rh1 53. b6 Rxh2+ 54. Ke1 Rh1+ 55. Kf2 h2 56. b7 Rf1+ 57. Kxf1 h1Q+ 58. Kf2 Qg2+ 59. Ke1 Qg1# 0-1

[Event "AUT-ch Vor4 Internet"]
[Site "Playchess.com INT"]
[Date "2020.04.25"]
[Round "4"]
[White "Tauber, Andreas"]
[Black "Ehs, Dominik"]
[Result "0-1"]
[WhiteElo "1972"]
[BlackElo "2070"]
[PlyCount "74"]
[EventDate "2020.04.25"]
[EventType "swiss (blitz)"]
[EventRounds "9"]
[EventCountry "AUT"]
[SourceTitle "EXT 2021"]
[Source "ChessBase"]
[SourceDate "2020.10.23"]
[SourceVersion "1"]
[SourceVersionDate "2020.10.23"]
[SourceQuality "1"]

1. Nf3 Nf6 2. g3 g6 3. Bg2 Bg7 4. 0-0 d6 5. d4 0-0 6. c4 Nbd7 7. Nc3 e5 8. e4 c6 9. h3 Qa5 10. d5 cxd5 11. cxd5 Nc5 12. Nd2 b5 13. a4 b4 14. Nc4 Qd8 15. Nb5 Ne8 16. Be3 a6 17. Nbxd6 Nxd6 18. Bxc5 Nxc4 19. Bxf8 Bxf8 20. b3 Nd6 21. f4 Bg7 22. Rc1 Bd7 23. Qf3 f5 24. Qd3 exf4 25. gxf4 fxe4 26. Bxe4 Nxe4 27. Qxe4 Bxh3 28. Rfe1 Qh4 29. d6 Rd8 30. Re3 Bf5 31. Qd5+ Kh8 32. Rc7 Qxf4 33. Qf7 Qxe3+ 34. Kg2 Be4+ 35. Kf1 Qf3+ 36. Qxf3 Bxf3 37. d7 Bf6 0-1

[Event "AUT-ch Vor3 Internet"]
[Site "Playchess.com INT"]
[Date "2020.04.17"]
[Round "4"]
[White "Stolzlechner, Andreas"]
[Black "Ehs, Dominik"]
[Result "0-1"]
[WhiteElo "1883"]
[BlackElo "2070"]
[PlyCount "67"]
[EventDate "2020.04.17"]
[EventType "swiss (blitz)"]
[EventRounds "9"]
[EventCountry "AUT"]
[SourceTitle "CBM 195 Extra"]
[Source "ChessBase"]
[SourceDate "2020.05.31"]
[SourceVersion "1"]
[SourceVersionDate "2020.05.31"]
[SourceQuality "1"]

1. e4 c5 2. c3 Nf6 3. e5 Nd5 4. d4 cxd4 5. Nf3 e6 6. cxd4 b6 7. Nc3 Nxc3 8. bxc3 Qc7 9. Qd2 Bb7 10. Be2 d6 11. exd6 Bxd6 12. 0-0 Nd7 13. h3 0-0 14. a4 Rac8 15. Ba3 Bxa3 16. Rxa3 Nf6 17. c4 Rfd8 18. Qe3 h6 19. a5 Qd6 20. axb6 axb6 21. Rb3 Bxf3 22. gxf3 Qxd4 23. Qxd4 Rxd4 24. Rxb6 Nh5 25. Rb2 Nf4 26. Kh2 Rc5 27. Rg1 Nxe2 28. Rxe2 Rdxc4 29. Re4 Rc2 30. Rg2 R5c3 31. Reg4 g6 32. f4 Rf3 33. Kg1 Rxh3 34. R4g3 0-1

[Event "AUT-ch Vor2 Internet"]
[Site "Playchess.com INT"]
[Date "2020.04.13"]
[Round "3"]
[White "Ehs, Dominik"]
[Black "Katter, Katharina"]
[Result "1-0"]
[WhiteElo "2070"]
[BlackElo "1930"]
[PlyCount "57"]
[EventDate "2020.04.13"]
[EventType "swiss (blitz)"]
[EventRounds "9"]
[EventCountry "AUT"]
[SourceTitle "CBM 195 Extra"]
[Source "ChessBase"]
[SourceDate "2020.05.31"]
[SourceVersion "1"]
[SourceVersionDate "2020.05.31"]
[SourceQuality "1"]

1. e4 e5 2. Nf3 Nc6 3. Bc4 Bc5 4. 0-0 Nf6 5. d4 Bxd4 6. Nxd4 Nxd4 7. f4 d6 8. fxe5 dxe5 9. Bg5 h6 10. Bxf6 gxf6 11. c3 Nc6 12. Qxd8+ Nxd8 13. Rxf6 Ke7 14. Rf2 Be6 15. Na3 c6 16. Raf1 Rf8 17. Bxe6 Nxe6 18. g3 f6 19. Nc4 Rad8 20. Ne3 Ng7 21. Kg2 Rd3 22. Ng4 h5 23. Nxf6 Rfd8 24. Nh7 Rd2 25. Ng5 h4 26. Nf3 hxg3 27. Rxd2 Nh5 28. Rxd8 Kxd8 29. hxg3 1-0

[Event "AUT-ch Vor2 Internet"]
[Site "Playchess.com INT"]
[Date "2020.04.13"]
[Round "8"]
[White "Pilshofer, Paul"]
[Black "Ehs, Dominik"]
[Result "0-1"]
[WhiteElo "1715"]
[BlackElo "2070"]
[PlyCount "64"]
[EventDate "2020.04.13"]
[EventType "swiss (blitz)"]
[EventRounds "9"]
[EventCountry "AUT"]
[SourceTitle "CBM 195 Extra"]
[Source "ChessBase"]
[SourceDate "2020.05.31"]
[SourceVersion "1"]
[SourceVersionDate "2020.05.31"]
[SourceQuality "1"]

1. d4 Nf6 2. Nf3 g6 3. g3 Bg7 4. Bg2 d6 5. 0-0 0-0 6. c4 Nbd7 7. b3 e5 8. Bb2 exd4 9. Nxd4 Re8 10. Nc3 Nc5 11. Nd5 Nxd5 12. Bxd5 c6 13. Bg2 Qe7 14. e3 a5 15. Qc2 Bd7 16. Rad1 Rad8 17. a3 Bg4 18. Rd2 Be6 19. Bxc6 bxc6 20. Nxc6 Qc7 21. Nxd8 Rxd8 22. Bxg7 Kxg7 23. Rfd1 a4 24. b4 Nb3 25. Qc3+ f6 26. Rc2 Bf5 27. Rb2 Qc6 28. Rxb3 axb3 29. Qxb3 Bh3 30. e4 Qxe4 31. f3 Qe2 32. Rd2 Qf1# 0-1

[Event "Graz op-A"]
[Site "Graz"]
[Date "2020.02.14"]
[Round "1"]
[White "Ehs, Dominik"]
[Black "Paltrinieri, Nicholas"]
[Result "0-1"]
[WhiteElo "2071"]
[BlackElo "2347"]
[PlyCount "80"]
[EventDate "2020.02.14"]
[EventType "swiss"]
[EventRounds "9"]
[EventCountry "AUT"]
[SourceTitle "CBM 195 Extra"]
[Source "ChessBase"]
[SourceDate "2020.05.31"]
[SourceVersion "1"]
[SourceVersionDate "2020.05.31"]
[SourceQuality "1"]

1. e4 e6 2. d4 d5 3. Nd2 Be7 4. Ngf3 Nf6 5. e5 Nfd7 6. Bd3 c5 7. c3 b6 8. 0-0 Ba6 9. Bxa6 Nxa6 10. Re1 b5 11. Nf1 c4 12. h3 Nb6 13. N3h2 h5 14. f4 g6 15. Nf3 Nc7 16. Ng5 a5 17. Qf3 b4 18. g4 hxg4 19. hxg4 Bxg5 20. fxg5 Rh7 21. cxb4 axb4 22. Bd2 Qe7 23. a3 c3 24. bxc3 bxa3 25. Ne3 Qd7 26. Reb1 Qc6 27. Rb3 Nb5 28. Qe2 Nc4 29. Rb4 Kd7 30. Nxc4 dxc4 31. Qg2 Rah8 32. Qxc6+ Kxc6 33. Rxc4+ Kd5 34. Rc5+ Ke4 35. Re1+ Kd3 36. Rxb5 Kxd2 37. Reb1 Rh1+ 38. Kg2 R1h2+ 39. Kg3 R8h3+ 40. Kf4 Rf2+ 0-1

[Event "AUT-ch"]
[Site "Vienna"]
[Date "2018.07.29"]
[Round "9"]
[White "Ehs, Dominik"]
[Black "Gelbenegger, Patrick"]
[Result "1/2-1/2"]
[WhiteElo "2097"]
[BlackElo "2260"]
[PlyCount "59"]
[EventDate "2018.07.22"]
[EventType "swiss"]
[EventRounds "9"]
[EventCountry "AUT"]
[SourceTitle "CBM 185 Extra"]
[Source "ChessBase"]
[SourceDate "2018.07.29"]
[SourceVersion "1"]
[SourceVersionDate "2018.07.29"]
[SourceQuality "1"]

1. e4 e6 2. d4 d5 3. exd5 exd5 4. Nf3 Bf5 5. Bd3 Bxd3 6. Qxd3 Nf6 7. Bf4 Bd6 8. Bxd6 Qxd6 9. 0-0 0-0 10. Nbd2 Nbd7 11. c3 c6 12. Rfe1 Rfe8 13. Rxe8+ Rxe8 14. Re1 Rxe1+ 15. Nxe1 Qe7 16. Kf1 Ne4 17. Nef3 Nxd2+ 18. Nxd2 Nf6 19. Qe2 Kf8 20. Qxe7+ Kxe7 21. Ke2 Ne4 22. f3 Nxd2 23. Kxd2 f6 24. Ke3 Ke6 25. f4 f5 26. g3 g6 27. h4 h5 28. Kd3 b5 29. b4 Kd6 30. a3 1/2-1/2

[Event "AUT-ch"]
[Site "Vienna"]
[Date "2018.07.25"]
[Round "5"]
[White "Ehs, Dominik"]
[Black "Goessler, Markus"]
[Result "0-1"]
[WhiteElo "2097"]
[BlackElo "2190"]
[PlyCount "68"]
[EventDate "2018.07.22"]
[EventType "swiss"]
[EventRounds "9"]
[EventCountry "AUT"]
[SourceTitle "CBM 185 Extra"]
[Source "ChessBase"]
[SourceDate "2018.07.29"]
[SourceVersion "1"]
[SourceVersionDate "2018.07.29"]
[SourceQuality "1"]

1. e4 e5 2. Nf3 Nc6 3. Bc4 Bc5 4. 0-0 Nf6 5. d3 d6 6. c3 h6 7. h3 0-0 8. Bb3 a6 9. Re1 Ba7 10. Nbd2 Ne7 11. Nf1 Ng6 12. a4 c6 13. Bc2 Nh7 14. Ng3 Ng5 15. Be3 Bxe3 16. Rxe3 Nf4 17. Nf5 Qf6 18. d4 Nxe4 19. Bxe4 Bxf5 20. Bxf5 Qxf5 21. dxe5 Qg6 22. Nh4 Qg5 23. Qg4 dxe5 24. Qxg5 hxg5 25. Nf5 f6 26. c4 Rfd8 27. Raa3 Rd1+ 28. Kh2 Rad8 29. Rab3 R8d7 30. Rec3 R1d2 31. c5 Rxf2 32. Rg3 Ne6 33. Rgd3 Rxd3 34. Rxd3 Rxf5 0-1

[Event "AUT-chT2O 1718"]
[Site "Austria"]
[Date "2018.02.25"]
[Round "9.4"]
[White "Exler, Veronika"]
[Black "Ehs, Dominik"]
[Result "1/2-1/2"]
[WhiteElo "2118"]
[BlackElo "2080"]
[PlyCount "60"]
[EventDate "2017.10.21"]
[EventType "team-tourn"]
[EventRounds "11"]
[EventCountry "AUT"]
[SourceTitle "EXT 2019"]
[Source "ChessBase"]
[SourceDate "2018.10.10"]
[SourceVersion "1"]
[SourceVersionDate "2018.10.10"]
[SourceQuality "1"]
[WhiteTeam "Donaustadt"]
[BlackTeam "Mostarrichi"]
[WhiteTeamCountry "AUT"]
[BlackTeamCountry "AUT"]

1. Nf3 Nf6 2. g3 g6 3. b3 Bg7 4. Bb2 0-0 5. d4 d6 6. Bg2 Nc6 7. 0-0 e5 8. dxe5 Nd7 9. c4 dxe5 10. e4 Re8 11. Nc3 Nc5 12. Qxd8 Rxd8 13. Nd5 Na6 14. Rad1 Bg4 15. h3 Bxf3 16. Bxf3 Nd4 17. Bg2 c6 18. Ne3 h5 19. Kh2 Bh6 20. Bxd4 exd4 21. Nc2 Bg7 22. Ne1 Nc5 23. Nd3 Nxd3 24. Rxd3 c5 25. f4 Rab8 26. e5 b5 27. Bd5 bxc4 28. Bxc4 Re8 29. Rd2 Rb7 30. h4 Kh7 1/2-1/2

[Event "Niederoesterreich Landesliga 1617"]
[Site "Austria"]
[Date "2017.03.26"]
[Round "10.4"]
[White "Ebner, Johann"]
[Black "Ehs, Dominik"]
[Result "1/2-1/2"]
[WhiteElo "2064"]
[BlackElo "2108"]
[PlyCount "35"]
[EventDate "2016.10.02"]
[EventType "team-tourn"]
[EventRounds "11"]
[EventCountry "AUT"]
[SourceTitle "EXT 2018"]
[Source "ChessBase"]
[SourceDate "2017.10.13"]
[SourceVersion "1"]
[SourceVersionDate "2017.10.13"]
[SourceQuality "1"]
[WhiteTeam "Boehlerwerk"]
[BlackTeam "Mostarrichi"]
[WhiteTeamCountry "AUT"]
[BlackTeamCountry "AUT"]

1. d4 Nf6 2. c4 g6 3. Nc3 Bg7 4. e4 d6 5. h3 0-0 6. Be3 e5 7. d5 a5 8. g4 Nfd7 9. Nge2 Na6 10. Ng3 Ndc5 11. h4 f5 12. gxf5 gxf5 13. exf5 Bxf5 14. Nxf5 Rxf5 15. Qg4 Rf7 16. h5 Kh8 17. h6 Bf6 18. Rg1 1/2-1/2